Visualizzazione normale
Vista MARC
- De Masi Domenico
di Personal Name
Records bibliografici associati: 1
001 - CONTROL NUMBER
- control field: 60425
003 - CONTROL NUMBER IDENTIFIER
- control field:
005 - DATE AND TIME OF LATEST TRANSACTION
- control field: 20240110104416.0
008 - FIXED-LENGTH DATA ELEMENTS
- fixed length control field: 240110|| aca||aabn | a|a d
040 ## - CATALOGING SOURCE
- Original cataloging agency:
- Transcribing agency:
100 ## - HEADING--PERSONAL NAME
- Personal name: De Masi Domenico
670 ## - SOURCE DATA FOUND
- Source citation: Work cat.: ()359965: De Masi Domenico, Il lavoro nel XXI secolo, 2018